000 00662nam a2200217 4500
003 OSt
005 20240615025416.0
006 a
008 240615b |||||||| |||| 00| 0 eng d
020 _a9780521140034
040 _aDWCL-Main lib.
_cOC
082 _aCirc. 808.85 G566a 2011
100 _aGlover, Dennis
245 _aThe art of great speeches : and why we remember them /
260 _aCambridge :
_bCambridge University Press,
_cc2011.
300 _axii,
_b259 p. : ill. ;
_c23 cm.
504 _aIncludes bibliographical references & index.
650 _a1. Speeches–Addresses, etc.
700 _aDennis Glover
942 _2ddc
_n0
_cBK-CIRC
_kCirc.
999 _c761
_d761